[Event "Abu Dhabi op 13th"]
[Site "Abu Dhabi"]
[Date "2003.08.25"]
[Round "9"]
[White "Barsov, Alexei"]
[Black "Svetushkin, Dmitry"]
[Result "1-0"]
[WhiteElo "2526"]
[BlackElo "2571"]
[Annotator "Hecht,H"]
[PlyCount "83"]
[EventDate "2003.08.16"]
[EventType "swiss"]
[EventRounds "9"]
[EventCountry "UAE"]
[SourceTitle "CBM 097"]
[Source "ChessBase"]
[SourceDate "2003.11.11"]
[SourceVersion "1"]
[SourceVersionDate "2003.11.11"]
[SourceQuality "1"]

1. d4 d5 2. c4 c6 3. Nf3 Nf6 4. e3 a6 5. Nc3 b5 6. b3 Bg4 7. Be2 Nbd7 8. O-O e6
9. h3 Bh5 10. Bb2 Bd6 11. Ne5 Bxe2 12. Nxe2 Qc7 13. cxd5 cxd5 14. Rc1 Qb8 15.
Nxd7 Nxd7 16. e4 O-O 17. e5 Be7 18. Rc3 Rc8 19. Rg3 Rc6 20. Nf4 Qd8 21. Bc1 Nf8
22. Nh5 Ng6 23. f4 Qd7 24. f5 exf5 25. Bg5 Rac8 26. Kh2 Bxg5 27. Rxg5 Rc1 28.
Qf3 Rxf1 29. Qxf1 Rc2 30. a4 h6 31. Rg3 bxa4 32. Qxa6 Kh7 33. bxa4 f4 34. Rf3
Qf5 35. Qd3 Qxd3 36. Rxd3 Ra2 {[#] Tactic: pawn breakthrough. [#] Taktik:
Bauerndurchbruch.} 37. Rb3 $1 Rxa4 38. Rb7 Rxd4 $2 (38... Nf8 $1 39. Rxf7 (39.
Nxf4 Ne6 $11) 39... Ne6 40. Nxf4 Kg8 41. Rf5 Nxd4 42. Rh5 $11) (38... Kh8 $5 {
also defuses White's idea of a breakthrough. entschärft ebenfalls die weiße
Durchbruchsidee}) 39. e6 $3 Re4 (39... Rd2 40. exf7 f3 41. Nf6+ $3 $18) 40.
exf7 Re6 $2 (40... Nf8 $142 41. Rb8 g5 42. Rxf8 Kg6 {presents White with
technical problems either after beschert Weiß technische Probleme sowohl nach}
43. Rd8 ({or after als auch bei} 43. Rh8 Kxf7 44. Rxh6 Ke7) 43... Kxf7 44. Rxd5
Kg6 45. g4 fxg3+ 46. Nxg3 Re6) 41. Rb8 $5 (41. Nxf4 $5 Rf6 42. Nxd5 Rf5 43. Ne3
Rf6 44. Ng4 Rf5 {also lacks final clarity. entbehrt auch der letzten Klarheit})
41... Re4 $2 (41... Re7 $142 42. f8=Q Nxf8 43. Rxf8 g5 44. Rd8 Kg6 45. g4 fxg3+
46. Nxg3 Re5 47. Rd6+ Kg7 48. Kg2 $16 {see note to move 40. siehe Anmerkung
zum 40.Zug}) 42. Rg8 $1 {with mate to follow quickly. und Matt in wenigen Zügen
} 1-0

[Event "Olomouc AZ Sanace Cup"]
[Site "Olomouc"]
[Date "1998.08.12"]
[Round "5"]
[White "Babula, Vlastimil"]
[Black "Betko, Lubomir"]
[Result "1-0"]
[WhiteElo "2575"]
[BlackElo "2300"]
[Annotator "Hecht,H"]
[PlyCount "103"]
[EventDate "1998.08.08"]
[EventType "tourn"]
[EventRounds "9"]
[EventCountry "CZE"]
[EventCategory "10"]
[SourceTitle "CBM 067"]
[Source "ChessBase"]
[SourceDate "1998.11.30"]
[SourceVersion "2"]
[SourceVersionDate "1998.11.01"]
[SourceQuality "1"]

1. d4 Nf6 2. c4 c6 3. Nc3 d5 4. Nf3 a6 5. Bg5 Ne4 6. Bf4 g6 7. e3 Nxc3 8. bxc3
Bg7 9. a4 O-O 10. Qb3 Qa5 11. cxd5 cxd5 12. Be2 Nc6 13. O-O Qd8 14. Nd2 Na5 15.
Qb4 Bf5 16. Nb3 Nxb3 17. Qxb3 Qd7 18. a5 Rfe8 19. Ra4 e5 20. Bg3 exd4 21. cxd4
Bf8 22. Ra2 Qc6 23. Rb2 Re7 24. Bf3 Rd7 25. Qa2 Bd3 26. Rd1 Bc4 27. Qa1 Re8 28.
Rc1 Qf6 29. Bg4 Rde7 30. Qb1 Bb5 31. Be2 Bxe2 32. Rxe2 Rd7 33. Rb2 Ba3 34. Rb6
Qf5 35. Qxf5 gxf5 36. Rcb1 Rc8 37. Kf1 Rc1+ 38. Rxc1 Bxc1 {[#] Soll der
schlecht stehende Lc1 befreit werden, landet Schwarz in einem angesichts
seiner Streuselkuchenbauern sehr schlechten Turmendspiel} 39. Bd6 f4 (39... Bd2
40. Bb4 Bxb4 41. Rxb4 Rc7 42. Ke2 Rc2+ 43. Kf3 Ra2 44. Rxb7 Rxa5 45. Ra7 Kf8
46. g3 Ke8 47. Kf4 Ra2 48. f3 Rxh2 49. Rxa6 $18 {[%csl Rd5,Rf5]}) 40. Ke2 (40.
exf4 Bd2 41. Bb4 Bxf4) 40... fxe3 41. fxe3 Rd8 42. Bc5 Re8 43. Rb3 f5 44. Rc3
Bb2 45. Rc2 Ba1 46. g3 {[%cal Re2d3,Rc2a2]} f4 47. gxf4 Kf7 48. Kf3 Re6 49. Rc1
Bb2 50. Rb1 Bc3 51. Rxb7+ Kg6 52. Bb4 1-0

[Event "Kharkov Rector Cup 4th"]
[Site "Kharkov"]
[Date "2002.03.22"]
[Round "1"]
[White "Kempinski, Robert"]
[Black "Kobalia, Mihail"]
[Result "0-1"]
[WhiteElo "2576"]
[BlackElo "2620"]
[Annotator "Hecht,H"]
[PlyCount "160"]
[EventDate "2002.03.22"]
[EventType "tourn"]
[EventRounds "10"]
[EventCountry "UKR"]
[EventCategory "13"]
[SourceTitle "CBM 089"]
[Source "ChessBase"]
[SourceDate "2002.08.12"]
[SourceVersion "1"]
[SourceVersionDate "2002.08.12"]
[SourceQuality "1"]

1. d4 d5 2. c4 c6 3. Nc3 Nf6 4. Nf3 a6 5. e3 b5 6. b3 Bg4 7. Bd3 e6 8. O-O Nbd7
9. Ne2 Bd6 10. Ng3 h5 11. h3 h4 12. Ne2 Bf5 13. Bxf5 exf5 14. Qc2 Ne4 15. Bb2
Qf6 16. cxd5 cxd5 17. Rac1 O-O 18. Rfd1 Nb6 19. Ne5 Rfc8 20. Qb1 g6 21. Nf4 Qe7
22. Rxc8+ Rxc8 23. Rc1 Qe8 24. Rc2 g5 25. Rxc8 Qxc8 26. Nfd3 f6 27. Nf3 Kf7 28.
Kh1 a5 29. Qd1 Kg6 30. Nd2 a4 31. Nxe4 fxe4 32. Nc5 Bb8 33. Kg1 Qc7 34. f4 exf3
35. Qxf3 Qh2+ 36. Kf2 Qh1 37. Nd3 Bg3+ 38. Ke2 Qb1 39. e4 Qc2+ 40. Kf1 dxe4 41.
Qxe4+ Kh6 42. Qe2 Qb1+ 43. Nc1 Nd5 44. bxa4 bxa4 45. Ba3 Kg7 46. Qd3 Qb7 47.
Ne2 Bf4 48. Kg1 Ne3 49. Nxf4 gxf4 50. d5 Qxd5 51. Qxd5 Nxd5 {weniger Springer
mit Mehrbauer. Strategischer Plan ist das Auflösen des Doppelbauern unter
Schaffung der Bauernschwäche h3.} 52. Bd6 Kf7 53. a3 Ke6 54. Bf8 Ke5 55. Kf2
Ke4 56. Bd6 Ne3 57. Be7 Nd1+ 58. Ke2 Nc3+ 59. Kf2 Nd5 60. Bd6 Nb6 61. Be7 Kf5
62. Kf3 Nc4 63. Bf8 Ne5+ 64. Kf2 f3 $1 65. gxf3 Ng6 66. Bb4 (66. Bd6 Nf4 67.
Bxf4 Kxf4 $19) 66... Nf4 67. Bc3 Nxh3+ 68. Kg2 Nf4+ 69. Kh2 Ne2 70. Bb2 Kg5 71.
Kg2 f5 72. Kf2 h3 $1 73. Be5 f4 74. Bd6 Nd4 75. Be5 h2 76. Kg2 Nxf3 77. Bd6 Kf5
78. Bb8 Ke4 79. Bc7 Ne5 80. Bd6 (80. Kxh2 Nc4 $19 {[%csl Ra3,Gd6]}) 80... Ng4
0-1

[Event "Goodricke op 13th"]
[Site "Kolkata"]
[Date "2002.03.24"]
[Round "8"]
[White "Ovsejevitsch, Sergei"]
[Black "Shcherbakov, Ruslan"]
[Result "1-0"]
[WhiteElo "2529"]
[BlackElo "2539"]
[Annotator "Hecht,H"]
[PlyCount "91"]
[EventDate "2002.03.17"]
[EventType "swiss"]
[EventRounds "11"]
[EventCountry "IND"]
[SourceTitle "CBM 088"]
[Source "ChessBase"]
[SourceDate "2002.03.21"]
[SourceVersion "1"]
[SourceVersionDate "2002.03.21"]
[SourceQuality "1"]

1. d4 d5 2. c4 c6 3. Nf3 Nf6 4. Nc3 dxc4 5. e4 b5 6. e5 Nd5 7. a4 e6 8. Ng5 h6
9. Nge4 b4 10. Nb1 Ba6 11. Qg4 h5 12. Qf3 Be7 13. Be2 Qb6 14. Be3 Nxe3 15. fxe3
Nd7 16. O-O f5 17. exf6 gxf6 18. Nbd2 f5 19. Ng3 Nf6 20. Nxc4 Qc7 21. Ne5 Bxe2
22. Nxe2 Ng4 23. Nf4 Nxe5 24. dxe5 Rh6 25. Rad1 Rc8 26. Nxe6 Qxe5 27. Nd4 Qe4
28. Qg3 Qg4 29. Qe5 Qe4 30. Qg7 Bf8 31. Qb7 Rd8 32. Nxf5 Rxd1 33. Rxd1 Qxf5 34.
Qb8+ Ke7 35. Rf1 Qg5 36. Qxf8+ {[#] Mattjagd} Kd7 37. Rf7+ Ke6 38. Qe8+ Kd5 39.
Qd7+ Kc4 (39... Rd6 40. e4+ Kxe4 (40... Kc5 41. Rf5+ Qxf5 42. Qxa7+ $18) 41.
Qxd6 Qe3+ 42. Rf2 $18) 40. Rf4+ (40. b3+ $1 Kxb3 (40... Kc3 41. Qd4+) 41. Qd3+
Kxa4 42. Rxa7+ Qa5 43. Qc2+ Kb5 44. Qf5+ c5 45. Qd7+ $18) 40... Kb3 41. Qd3+
Ka2 42. Rxb4 Rg6 43. g3 c5 44. Rb3 Qe5 45. Ra3+ Kxb2 46. Rb3+ 1-0

[Event "EU-ch 4th"]
[Site "Istanbul"]
[Date "2003.06.07"]
[Round "8"]
[White "Banikas, Hristos"]
[Black "Arlandi, Ennio"]
[Result "0-1"]
[WhiteElo "2542"]
[BlackElo "2456"]
[Annotator "Hecht,H"]
[PlyCount "110"]
[EventDate "2003.05.30"]
[EventType "swiss"]
[EventRounds "13"]
[EventCountry "TUR"]
[SourceTitle "CBM 096"]
[Source "ChessBase"]
[SourceDate "2003.09.25"]
[SourceVersion "1"]
[SourceVersionDate "2003.09.25"]
[SourceQuality "1"]

1. d4 d5 2. c4 c6 3. Nf3 Nf6 4. e3 a6 5. Nc3 b5 6. b3 Bg4 7. Be2 e6 8. h3 Bh5
9. O-O Nbd7 10. Bb2 Bd6 11. Ne5 Bxe2 12. Nxe2 Qc7 13. cxd5 cxd5 14. Rc1 Qb8 15.
f4 O-O 16. Rc6 Rc8 17. Qc2 Nb6 18. Rc1 Rxc6 19. Qxc6 Ra7 20. Bc3 Ba3 21. Rc2
Rc7 22. Bb4 Rxc6 23. Nxc6 Qe8 24. Bxa3 h5 25. Ne7+ Kh7 26. Rc6 Nfd7 27. Kh2 Qd8
28. Ng1 a5 29. Nf3 f6 30. Bd6 a4 31. Bb4 axb3 32. axb3 Nb8 33. Rxe6 Nc8 34.
Nxc8 Qxc8 {[#] Zusammenspiel von Dame und Springer gegen den weißen König
begünstigt durch schwaches weißes Spiel.} 35. f5 $6 (35. Rb6 $11) (35. Rd6 $11)
35... Nc6 (35... Qc2 $142 {[%csl Rb3,Rf5]}) 36. Bc5 Nd8 37. Rd6 Nf7 38. Re6 $6
(38. Rxd5 $5 Qe8 $1 {[%csl Re3]}) 38... Nh6 $17 39. e4 dxe4 40. Rxe4 Nxf5 41.
b4 Qb8+ 42. Kg1 Qa8 43. Re1 h4 44. Kf2 Qd5 45. Ra1 g5 46. Ra7+ Kg6 47. Ra6 {
Aktivität zur Unzeit - der Turm wird bei der Verteidigung des Königs fehlen.}
Qe4 $6 (47... Ng3 48. Ne5+ Kh5 $19 {[%csl Gf6][%cal Rg3e4]}) 48. Kg1 (48. Ne5+
$132) 48... Qb1+ 49. Kh2 Ng3 ({Viel stärker war} 49... Ne3 $1 {[%cal Re3g2,
Re3f1]} 50. Re6 Nxg2 $140 51. Kxg2 Qa2+ $19) 50. Ng1 Qe4 51. Nf3 (51. Ra2 $142)
51... Qb1 52. Ng1 Nf1+ 53. Kh1 Qe1 54. Bd6 {[%csl Gg3,Gh2]} (54. Ra2 Qg3 55.
Nf3 Ne3 $19 {[%csl Rf3,Rg2]}) 54... Ne3 ({genauer war} 54... Qd2 55. Ra2 $141)
55. Be5 Qd2 {[%csl Rg2]} 0-1

[Event "FIDE-Wch k.o."]
[Site "New Delhi/Teheran"]
[Date "2000.12.01"]
[Round "2.2"]
[White "Milos, Gilberto"]
[Black "Morozevich, Alexander"]
[Result "0-1"]
[WhiteElo "2633"]
[BlackElo "2756"]
[Annotator "Hecht,H"]
[PlyCount "130"]
[EventDate "2000.11.27"]
[EventType "k.o."]
[EventRounds "7"]
[EventCountry "IND"]
[SourceTitle "CBM 081"]
[Source "ChessBase"]
[SourceDate "2001.03.20"]
[SourceVersion "1"]
[SourceVersionDate "2001.03.20"]
[SourceQuality "1"]

1. d4 d5 2. c4 c6 3. Nc3 Nf6 4. e3 a6 5. Nf3 b5 6. cxd5 cxd5 7. Ne5 e6 8. Bd2
Be7 9. Be2 O-O 10. O-O Bb7 11. Nd3 Nc6 12. Bf3 Bd6 13. Qe2 Re8 14. Rfd1 e5 15.
dxe5 Nxe5 16. Nxe5 Bxe5 17. Qd3 b4 18. Ne2 a5 19. Qb3 Ba6 20. Nd4 Qb8 21. g3
Bc4 22. Qa4 Ne4 23. Be1 Nc5 24. Qc2 b3 25. axb3 Nxb3 26. Rab1 Nxd4 27. exd4 Bb3
28. Qd3 Bf6 29. Rdc1 Ba2 30. Ra1 Bc4 31. Qd2 Ra6 32. Rcb1 a4 33. Qd1 Qb5 34.
Bc3 h6 35. h4 Be2 36. Bxe2 Rxe2 37. Qf1 Rae6 38. Re1 Rxe1 39. Rxe1 Qxf1+ 40.
Kxf1 Rxe1+ 41. Kxe1 {[#] Der "schlechte" Läufer} h5 $1 {[%cal Rg8h7,Rh7g6,
Rg6f5]} 42. Kd2 Kh7 43. Ke3 g5 44. hxg5 Bxg5+ 45. Kd3 {Die Alternative 45.f4
sieht schlecht aus, ist aber im Sinne eines Festungsbaues nicht von der Hand
zu weisen.} (45. f4 Bd8 46. f5 (46. Bb4 Kg6 47. Kf3 Kf5 48. Bc5 Ba5 49. Bd6 Bd2
50. Bc5 Bc1 51. Ba3 f6 $22) (46. Bd2 Kg6 47. Kf3 Kf5 48. Be1 Bb6 49. Bf2 Ba5 {
[%csl Rb2][%cal Ra5d2,Rd2c1]} 50. Be3 Be1 {[%csl Rg3]} 51. Bc1 $8 Ke6 52. Kg2
Kd7 (52... f5 53. Kh3 (53. Be3 Kd7 54. Kh3 Kc6 55. Kh4 Kb5 56. Kxh5 Bxg3 57.
Kg5 Kc4 58. Kxf5 Kb3 59. Ke5 Kxb2 60. Kxd5 a3 61. Kc4 Be1 (61... Bh4 62. Bd2)
62. d5 Bc3 63. d6 a2 64. d7 $11)) 53. Kh3 Kc6 54. Kh4 Kb5 55. Kxh5 Bf2 56. g4
Bxd4 57. g5 Kc4 58. f5 Kb3 59. g6 fxg6+ 60. fxg6 Kc2 61. Bh6 Bxb2 62. g7 Bxg7
63. Bxg7 a3 64. Kg4 Kd3 65. Ba1 Ke3 $1 $19 {Das ist so knapp, dass eine
Überprüfung notwendig ist.}) 46... Kh6 47. Kf4 Bc7+ 48. Kf3 Kg5 $19) 45... Kg6
46. Ba5 f5 47. Kc3 (47. f4 h4 $1 48. gxh4 Bxf4 49. Bd8 Kh5 50. Be7 (50. Ke2 Bc1
$19) 50... Bg3 51. Ke3 Kg4 52. h5 f4+ 53. Ke2 f3+ 54. Ke3 f2 55. Ke2 Kxh5 $19 {
[%csl Rb2,Rd4][%cal Rh5g4,Rg4f5,Rf5e4]}) 47... f4 48. Kb4 fxg3 49. fxg3 Bc1 50.
Ka3 (50. Kxa4 Bxb2 51. Bb6 Kf5 52. Kb5 Ke4 $19) 50... Kf5 51. Bd8 Ke4 52. Be7
Kd3 (52... Kxd4 $2 53. Bf6+ Ke4 54. Kxa4 d4 55. b4 d3 56. Kb3 Kf3 57. Bc3 d2
58. Kc2 Ke2 59. Bxd2 Bxd2 60. b5 Be1 {und da der weiße König abgedrängt ist,
gewinnt Schwarz mit dem vom "guten" zum "falschen" mutierten Läufer leicht.})
53. Bd8 Kc2 54. Kxa4 Bxb2 55. Kb5 Kd3 56. Kc5 Ke4 57. Bf6 Ba3+ 58. Kc6 Bb4 59.
Bg7 Bc3 60. Kc5 Be1 61. Be5 Bf2 $22 62. Kd6 Bxd4 63. Bf4 Bf2 64. Ke6 d4 65. Kf6
h4 $1 (65... d3 {[%cal Rf2e3]} 66. Bd2 Bxg3 67. Kg5 Kf3 68. Kxh5 Ke2 69. Bg5
Bf2 $19) 0-1

[Event "EU-ch 4th"]
[Site "Istanbul"]
[Date "2003.06.06"]
[Round "7"]
[White "Lputian, Smbat G"]
[Black "Stefansson, Hannes"]
[Result "1/2-1/2"]
[WhiteElo "2638"]
[BlackElo "2565"]
[Annotator "Hecht,H"]
[PlyCount "115"]
[EventDate "2003.05.30"]
[EventType "swiss"]
[EventRounds "13"]
[EventCountry "TUR"]
[SourceTitle "CBM 096"]
[Source "ChessBase"]
[SourceDate "2003.09.25"]
[SourceVersion "1"]
[SourceVersionDate "2003.09.25"]
[SourceQuality "1"]

1. d4 d5 2. c4 c6 3. Nf3 Nf6 4. Nc3 a6 5. a4 e6 6. g3 dxc4 7. Bg2 c5 8. O-O Nc6
9. Ne5 Na5 10. d5 Bd6 11. Bf4 Qc7 12. e3 O-O 13. Nf3 Bxf4 14. gxf4 Rd8 15. d6
Rxd6 16. Qc2 Rb8 17. Rfd1 Rxd1+ 18. Rxd1 Bd7 19. Ne5 Bc6 20. Nxc6 Nxc6 21. Ne4
Nxe4 22. Bxe4 f5 23. Bxc6 Qxc6 24. Qxc4 {[#] Das Endspiel hat zwei
interessante Gesichter: a) Dame mit Turm = taktisches Endspiel b)
Damenendspiel = ebenfalls taktisch; in beiden Fällen wegen der kritischen
Königsstellungen.} h6 25. a5 b5 26. Qc3 Rf8 27. Kf1 Qf3 28. Rd7 Qh3+ 29. Ke1
Rf6 30. Qxc5 Qxh2 31. Rd8+ Kh7 32. Qc8 Kg6 {Der König hilft sich selbst!} 33.
Rd6 (33. Qxa6 $142 $1) 33... Kh5 34. Rxe6 (34. Qxa6 $142) 34... Qh1+ 35. Ke2
Qb1 36. Qe8+ (36. Rxa6 $142 {einmal mehr verweigert Weiß das Nehmen auf a6})
36... Kg4 37. Rxf6 Qxb2+ 38. Kf1 Qxf6 39. Kg2 Qd6 40. Qa8 Kh5 41. Qb7 b4 42.
Qb6 Qd5+ 43. Kg3 b3 {Probleme werfen andere Züge auf.} (43... Qh1 $1 {[%csl
Rf2,Rg4][%cal Rh1g1]} 44. Qe6 $1 (44. Qc5 Qb1 $19 {[%cal Rb4b3]}) 44... g6 $1 {
Königssicherung} 45. Qb3 (45. Qa2 Qd1 $1 $19 {[%csl Gb3,Ge2][%cal Rb4b3]})
45... Qg1+ 46. Kh3 {und Schwarz muss erst noch nachweisen, dass er gewinnen
kann.} Qg4+ ({denn} 46... Qxf2 47. Qd1+) ({oder} 46... g5 47. Qf7# {enden mit
Hilfsmatt.}) 47. Kh2 Qf3 48. Kg1 Qe4 {und die Frage nach dem Gewinn bleibt
offen.}) 44. Qxa6 $1 {Das späte Nehmen auf a6 ist immerhin noch gut für das
Remis.} Qd1 45. Qb5 Qg1+ 46. Kh3 Qh1+ 47. Kg3 Qb1 48. a6 b2 49. a7 Qg1+ 50. Kh3
Qh1+ 51. Kg3 b1=Q 52. Qxb1 Qxb1 53. a8=Q Qg1+ 54. Qg2 Qxg2+ 55. Kxg2 {und das
Bauernendspiel bleibt remis} Kg6 56. f3 Kf6 57. e4 Ke6 58. Kg3 1/2-1/2

[Event "RUS Cup final 5th"]
[Site "Kazan"]
[Date "2001.10.04"]
[Round "3"]
[White "Filippov, Valerij"]
[Black "Kornev, Alexei"]
[Result "1/2-1/2"]
[WhiteElo "2617"]
[BlackElo "2525"]
[Annotator "Hecht,H"]
[PlyCount "150"]
[EventDate "2001.10.02"]
[EventType "tourn"]
[EventRounds "11"]
[EventCountry "RUS"]
[EventCategory "12"]
[SourceTitle "CBM 086"]
[Source "ChessBase"]
[SourceDate "2002.02.05"]
[SourceVersion "1"]
[SourceVersionDate "2002.02.05"]
[SourceQuality "1"]

1. Nf3 d5 2. d4 Nf6 3. c4 c6 4. Nc3 a6 5. Bg5 dxc4 6. a4 h6 7. Bd2 Be6 8. a5 g5
9. e3 Nbd7 10. Qc2 Rc8 11. Na4 g4 12. Nh4 c5 13. dxc5 Nxc5 14. Nb6 Nd3+ 15.
Bxd3 cxd3 16. Qa4+ Rc6 17. O-O Bg7 18. Rac1 Bd7 19. Nxd7 Qxd7 20. Rxc6 bxc6 21.
Qf4 e6 22. Bc3 Nd5 23. Qxg4 Bxc3 24. bxc3 Ne7 25. Rb1 c5 26. Nf3 Nc6 27. Qg7
Rf8 28. Ne5 Qd6 29. Nxc6 d2 30. Nd4 cxd4 31. Qxd4 Qxd4 32. cxd4 Kd7 33. Kf1 Rb8
34. Rd1 Rb5 35. Rxd2 Rxa5 36. Ke2 Ra1 {[#] Dieses Endspiel wird herunter
gearbeitet bis zum Typ Turm + Bauern e,f,g gegen Turm + Bauern f,h. Genau
dieses Endspiel nach dem 56.Zug ist vielleicht am ehesten zu gewinnen.} 37. g4
a5 38. h4 a4 39. Rb2 Ke7 40. Rb7+ Kf6 41. Kf3 a3 42. Ra7 Kg6 43. Ke4 Kf6 44.
Kf4 Ra2 45. Kf3 Ra1 46. Ke4 a2 47. Kf4 h5 48. g5+ Kg6 49. Ke5 Rh1 50. Rxa2 Rxh4
51. f4 Rh1 52. Ra6 h4 53. d5 Re1 54. e4 h3 55. Ra2 (55. dxe6 f6+ $1 56. gxf6 h2
57. e7 Rxe4+ $1 58. Kxe4 h1=Q+ 59. Ke5 Qh5+ 60. Kd6 Kf7 61. Ra8 Qd1+ 62. Kc7
$11) 55... exd5 56. Kxd5 Rh1 57. Ke5 Kg7 $6 (57... Rg1 58. Ra6+ Kg7 59. Rh6 Rg3
(59... f6+ 60. Kf5 fxg5 61. fxg5 Rf1+ 62. Ke6 Rh1 63. e5 h2 $11) 60. Kf5 Re3
61. e5 Rg3 62. Rh4 Kg8 63. Kf6 Ra3 64. f5 Ra6+ 65. e6 fxe6 66. fxe6 Ra3 {
Gewinn oder Remis? Analyse!}) 58. f5 $2 ({Die bessere Idee ist es, den König
nach f5 zu stellen, um so alle Bauern zu schützen.} 58. Ra3 $1 Kg6 59. Rg3 Kg7
60. Kf5 $1 Kf8 61. e5 h2 62. Rg2 Ke7 (62... Kg7 63. Rf2 Kf8 64. Kf6 $18) 63.
Rf2 Kf8 64. Kf6 Kg8 65. f5 Kf8 66. Ra2 Ke8 (66... Kg8 67. Ra8+ Kh7 68. g6+ fxg6
69. fxg6+ Kh6 70. Rh8#) 67. g6 fxg6 68. e6 $18) 58... h2 59. Rb2 Rg1 60. Rxh2
Rxg5 {[#] Ob diese Stellung zu gewinnen ist? Vergleichen Sie dazu bitte
74ENDCBM (Endspiel Grivas-Naumann/Korfu)} 61. Kd6 Rg4 62. e5 Ra4 63. f6+ Kg6
64. Rc2 Ra8 65. Rg2+ Kf5 66. Rf2+ Kg6 67. Rg2+ Kf5 68. Ke7 Ra7+ 69. Kf8 Kxe5
70. Kg7 {Auch diese Position gab es in dem erwähnten Vergleichsendspiel, in
dem Schwarz lediglich infolge eines Fehlers verlor.} Ke6 71. Re2+ Kf5 72. Re7
Ra6 73. Rxf7 {Der Bauer ist erobert, doch es geht nicht weiter, da die weißen
Figuren aneinander klumpen.} (73. Rb7 Rc6 74. Rb5+ Ke6 75. Rb7 Kf5 $11) 73...
Kg5 74. Rf8 Rb6 75. Rf7 (75. f7 Rg6+ 76. Kh7 Rh6+ $11) 75... Ra6 1/2-1/2

[Event "Reykjavik Hrokurinn"]
[Site "Reykjavik"]
[Date "2003.02.26"]
[Round "8"]
[White "Bacrot, Etienne"]
[Black "Kristjansson, Stefan"]
[Result "1-0"]
[WhiteElo "2671"]
[BlackElo "2432"]
[Annotator "Hecht,H"]
[PlyCount "125"]
[EventDate "2003.02.18"]
[EventType "tourn"]
[EventRounds "9"]
[EventCountry "ISL"]
[EventCategory "15"]
[SourceTitle "CBM 094"]
[Source "ChessBase"]
[SourceDate "2003.05.26"]
[SourceVersion "1"]
[SourceVersionDate "2003.05.26"]
[SourceQuality "1"]

1. d4 d5 2. c4 c6 3. Nc3 Nf6 4. Nf3 a6 5. a4 e6 6. Bg5 a5 7. e3 Be7 8. Be2 O-O
9. O-O Na6 10. Ne5 Nb4 11. Na2 Nd7 12. Bxe7 Qxe7 13. Nxb4 Qxb4 14. Qc2 Nxe5 15.
dxe5 Qc5 16. Rfd1 b6 17. Rac1 Ba6 18. Bd3 h6 19. cxd5 Qxc2 20. Rxc2 Bxd3 21.
Rxd3 cxd5 22. Kf1 Rfc8 23. Rdc3 Rxc3 24. Rxc3 Rb8 25. Rb3 Kf8 26. Rb5 Ke7 27.
b4 axb4 28. a5 Kd7 29. axb6 Kc6 30. Rxb4 Rxb6 31. Rg4 g6 32. Rf4 Rb7 33. g4 Re7
(33... Kc5 34. h4 g5 35. Rf6 gxh4 36. Rxh6 d4 {war der bessere weil aktivere
Weg}) 34. h4 g5 35. Rf6 gxh4 36. Kg2 Kd7 37. Rxh6 Re8 38. Rh7 Ke7 39. g5 Rg8
40. f4 $16 {Die schwarzen Figuren sind nun passiv und harmonieren gar nicht.
Zieht der Turm auf der 8.Reihe folgt g6 und bei Ke8 kommt der Turm nicht von
g8 weg.} Kf8 41. Kh3 Ke7 42. Kxh4 Ke8 43. Kg4 {[%csl Rf7][%cal Gg4f3,Gf3e2,
Ge2d2,Gd2d3,Gd3c3,Gc3b4,Gb4c5,Gc5b6,Gb6c7,Gc7b7,Gb7c6,Gc6c7,Gc7d6,Gd6e7,Ge7f8]
[%mdl 4128] Umgehung durch den weißen König!} Ke7 44. Kf3 Ke8 45. Ke2 Ke7 46.
Kd2 Kf8 47. Kd3 Ke8 48. Kc3 Kf8 49. Kb4 Ke8 50. Kc5 Ke7 51. Kb6 Rb8+ 52. Kc7
Rg8 53. Kb7 Ke8 54. Kc6 Ke7 55. Kc7 $22 {Die Umgehung (Teil I) ist beendet} Rg6
56. Rh8 Rg7 57. Kc6 Rg6 58. Ra8 Rg7 59. Ra7+ Kf8 60. Kd6 Kg8 61. Ra8+ Kh7 62.
Ke7 Kg6 63. Rh8 {Umgehung (Teil II) entscheidet die Partie.} (63. Rh8 Kf5 64.
Kf8 Rg6 65. Kxf7 $19) 1-0

[Event "Nordic-ch"]
[Site "Aarhus"]
[Date "2003.09.08"]
[Round "3"]
[White "Schandorff, Lars"]
[Black "Stefansson, Hannes"]
[Result "1/2-1/2"]
[WhiteElo "2525"]
[BlackElo "2560"]
[Annotator "Hecht,H"]
[PlyCount "137"]
[EventDate "2003.09.06"]
[EventType "tourn"]
[EventRounds "11"]
[EventCountry "DEN"]
[EventCategory "10"]
[SourceTitle "CBM 098"]
[Source "ChessBase"]
[SourceDate "2004.02.03"]
[SourceVersion "1"]
[SourceVersionDate "2004.02.03"]
[SourceQuality "1"]

1. d4 d5 2. c4 c6 3. Nf3 Nf6 4. Nc3 a6 5. e3 b5 6. b3 Bf5 7. Bd3 e6 8. O-O Nbd7
9. Bxf5 exf5 10. cxd5 cxd5 11. Qd3 g6 12. Bb2 Bd6 13. a4 b4 14. Ne2 Qb6 15.
Rfc1 Ke7 16. Rc2 Rhc8 17. Rac1 Rxc2 18. Rxc2 Qb7 19. Ne5 Rc8 20. Nf4 Ke8 21.
Qd1 Rc7 22. Qc1 Qc8 23. Rxc7 Qxc7 24. Qxc7 Bxc7 25. f3 a5 26. Nxd7 Kxd7 27. Nd3
h5 28. Bc1 h4 29. Bd2 Nh5 30. Be1 g5 31. Bd2 f6 32. Be1 f4 33. Bd2 fxe3 34.
Bxe3 Ng7 35. Bf2 Nf5 36. Nc1 Bf4 37. Ne2 Bd2 38. g3 hxg3 39. hxg3 Nd6 40. g4 f5
41. gxf5 Nxf5 42. Kf1 Ne3+ 43. Bxe3 Bxe3 44. Kg2 Ke6 45. Kg3 Kf5 46. Kg2 g4 47.
Kg3 Bd2 48. Kf2 Bf4 49. Ng3+ Kg5 50. Ne2 Bc7 51. fxg4 Kxg4 {[#] Freibauernduell
} 52. Nc1 Bg3+ (52... Kf4 53. Nd3+ Ke4 54. Nc5+ Kxd4 55. Ne6+ Kc3 56. Nxc7 Kxb3
57. Nxd5 Kxa4 58. Ke2 $11) 53. Kg2 Bf4 54. Nd3 Be3 55. Ne5+ Kf4 56. Nc6 Ke4 57.
Nxa5 Bxd4 (57... Kxd4 58. Nc6+ (58. Kf3 Kd3 59. Nc6 Bc5 60. a5 Kc2 $19) 58...
Kc3 59. Ne7 d4 60. Nd5+ Kxb3 61. a5 $11 {denn Springer und König beherrschen
den Läufer} Kc4 62. a6 b3 {sichert Schwarz das Remis}) 58. Nc6 Bc5 59. a5 Kd3
60. Kf3 Kc2 61. a6 Kxb3 62. Ke2 Kc3 63. Kd1 b3 64. Kc1 d4 65. a7 Bxa7 66. Nxa7
d3 67. Nb5+ Kb4 68. Kb2 Kxb5 69. Kxb3 1/2-1/2

[Event "Munich SKA"]
[Site "Munich"]
[Date "1993.??.??"]
[Round "6"]
[White "Bareev, Evgeny"]
[Black "Shirov, Alexei"]
[Result "1/2-1/2"]
[WhiteElo "2670"]
[BlackElo "2670"]
[Annotator "Hertneck,G"]
[PlyCount "68"]
[EventDate "1993.05.??"]
[EventType "tourn"]
[EventRounds "11"]
[EventCountry "GER"]
[EventCategory "16"]
[SourceTitle "CBM 036"]
[Source "ChessBase"]
[SourceDate "1993.10.01"]
[SourceVersion "1"]
[SourceVersionDate "1993.10.01"]
[SourceQuality "1"]

1. d4 d5 2. c4 c6 3. Nf3 Nf6 4. Nc3 a6 5. e3 b5 6. b3 Bg4 7. h3 Bxf3 8. gxf3 $1
(8. Qxf3 e5 $1 $36) 8... Nbd7 9. f4 e6 10. c5 $14 Ng8 $5 $146 (10... g6 11. Bd3
Nh5 12. Bb2 a5 13. Qc2 (13. Nxb5 $5) 13... Bg7 $13 {Sakaev,K-Rublevsky,S/St.
Petersburg zt/1993}) 11. Bb2 Ne7 12. a4 Nf5 $6 (12... b4) 13. axb5 axb5 14. Na2
(14. Nxb5 $1 cxb5 15. Bxb5 Rxa1 16. Qxa1 Qc8 17. Bc3 Be7 18. Qa4 $36) 14... g6
15. Nb4 Qc8 16. Kd2 (16. Rxa8 Qxa8 17. Qa1 Qb7 18. Qa6 Qxa6 19. Nxa6 Bg7 $13)
16... Be7 (16... Bg7 {/\ Nc5}) 17. Bd3 O-O 18. Rxa8 Qxa8 19. Qa1 Qb7 20. Qa6
Qxa6 21. Nxa6 Ra8 22. Nb4 Bf6 23. Nxc6 Nxc5 24. dxc5 Bxb2 25. Bxf5 gxf5 26. Kd3
Kf8 27. Nd4 b4 $10 28. f3 Rc8 29. Rh2 Bc3 30. Rc2 Rxc5 31. Ne2 Ke7 32. Nxc3
bxc3 33. Rxc3 Rb5 34. Rc7+ Kd6 1/2-1/2